Southville International School and Colleges
Your cart is empty.
  • Cart
  • Lists
    Public lists Eva Luna New books Lux_list list_1
    Your lists Log in to create your own lists
  • Log in to your account
  • Your cookies
  • Search history
Southville International School and Colleges
  • Advanced search
  • Recent comments
  • Most popular
  • Libraries

Log in to your account

Log in with GOOGLE


If you do not have an external account, but do have a local account, you can still log in:

  1. Home
  2. MARC view: Improving students' study skills and reading or thinking strategies /
Normal view MARC view ISBD view

Improving students' study skills and reading or thinking strategies / (Record no. 284796)

[ view plain ]
MARC details
000 -LEADER
fixed length control field 00635nam a22001937a 4500
003 - CONTROL NUMBER IDENTIFIER
control field PILC
005 - DATE AND TIME OF LATEST TRANSACTION
control field 20150905084956.0
008 - FIXED-LENGTH DATA ELEMENTS--GENERAL INFORMATION
fixed length control field 150608b xxu||||| |||| 00| 0 eng d
020 ## - INTERNATIONAL STANDARD BOOK NUMBER
International Standard Book Number 9789712367274
050 ## - LIBRARY OF CONGRESS CALL NUMBER
Classification number LB 1051.A2
Item number .B223 2014
100 ## - MAIN ENTRY--PERSONAL NAME
Personal name Baraceros, Esther L.
245 ## - TITLE STATEMENT
Title Improving students' study skills and reading or thinking strategies /
Statement of responsibility, etc Esther L. Baraceros.
260 ## - PUBLICATION, DISTRIBUTION, ETC. (IMPRINT)
Place of publication, distribution, etc Manila :
Name of publisher, distributor, etc Rex Book Store,
Date of publication, distribution, etc 2014
300 ## - PHYSICAL DESCRIPTION
Extent x, 272 pages :
Other physical details illusrations ;
Dimensions 22 cm.
500 ## - GENERAL NOTE
General note Includes bibliographical references and index.
650 ## - SUBJECT ADDED ENTRY--TOPICAL TERM
Topical term or geographic name as entry element Teaching methods.
650 ## - SUBJECT ADDED ENTRY--TOPICAL TERM
Topical term or geographic name as entry element Reading strategies.
942 ## - ADDED ENTRY ELEMENTS (KOHA)
Source of classification or shelving scheme Library of Congress Classification
Koha item type Books
Call number prefix Local
Holdings
Withdrawn status Lost status Source of classification or shelving scheme Damaged status Home library Current library Shelving location Date acquired Source of acquisition Sub Shelving location Total Checkouts Full call number Barcode Date last seen Date checked out Price effective from Koha item type
    Library of Congress Classification   College Library College Library Reserve Section 06/08/2015 Library Fund   1 LB 1051.A2 .B223 2014 C19573 06/21/2024 05/09/2024 06/08/2015 Books

Improving students' study skills and reading or thinking strategies /

APA

Baraceros E. L., . (2014). Improving students' study skills and reading or thinking strategies. Manila: Rex Book Store.

Chicago

Baraceros Esther L, . 2014. Improving students' study skills and reading or thinking strategies. Manila: Rex Book Store.

Harvard

Baraceros E. L., . (2014). Improving students' study skills and reading or thinking strategies. Manila: Rex Book Store.

MLA

Baraceros Esther L, . Improving students' study skills and reading or thinking strategies. Manila: Rex Book Store. 2014.

  • Place hold
  • Print
  • Cite
  • Add to your cart (remove)
  • Save record
    BIBTEX Dublin Core MARCXML MARC (non-Unicode/MARC-8) MARC (Unicode/UTF-8) MARC (Unicode/UTF-8, Standard) MODS (XML) RIS
  • More searches
    Search for this title in:
    Other Libraries (WorldCat) Other Databases (Google Scholar) Online Stores (Bookfinder.com) Open Library (openlibrary.org)

Exporting to Dublin Core...

SOUTHVILLE LIBRARY

Southville International School and Colleges Library

1281 Tropical Ave. Cor. Luxembourg St., BF Homes International, Las Pinas City

Tel. No. 8256374 / 252358 Loc. 117/146

Powered by Koha